La historia apenas comienza /

Zapisane w:
Opis bibliograficzny
1. autor: González Casanova, Pablo
Format: Texto
Hasła przedmiotowe:
Etykiety: Dodaj etykietę
Nie ma etykietki, Dołącz pierwszą etykiete!

MARC

LEADER 00000 a a2200000 04500
001 44040
003
040
100 |a González Casanova, Pablo  
245 |a La historia apenas comienza /  |c Pablo González Casanova  
650 |a CIENCIA  
650 |a TEORIA SOCIAL  
650 |a CIENCIAS SOCIALES  
773 |g número2 ( , 1996), páginas 15-24  
999 |c 31743  |d 31743